| 000 | 00508nam a2200157Ia 4500 | ||
|---|---|---|---|
| 003 | SGT | ||
| 020 | _a9780074604823 | ||
| 082 |
_a5.13 _bDON |
||
| 100 | _aDonovan, John J. | ||
| 245 | _aSystems programming | ||
| 260 |
_bTata McGraw Hill Education Private Limited _aNew Delhi _c2011 |
||
| 300 | _a488p. | ||
| 650 | _aCOMPUTER SCIENCE | ||
| 653 | _aMACHINE STRUCTURE, MACHINE LANGUAGE, AND ASSEMBLY LANGUAGE,ASSEMBLERS, MACRO LANGUAGE AND THE MACRO PROCESSOR,LOADERS, PROGRAMMING LANGUAGES | ||
| 942 |
_2ddc _cBK |
||
| 999 |
_c5346 _d5346 |
||